Seattle Mariners Hall of Fame - Statistics

General Stats
  • This quiz has been taken 90 times
  • The average score is 7 of 11
Answer Stats
Year POS Answer % Correct
2013 OF Ken Griffey Jr.
99%
2007 DH Edgar Martinez
90%
2012 SP Randy Johnson
89%
2022 OF Ichiro Suzuki
83%
2023 SP Felix Hernandez
80%
2004 OF Jay Buhner
69%
2015 P Jamie Moyer
59%
2014 Coach Lou Piniella
54%
2012 C Dan Wilson
48%
1997 1B Alvin Davis
46%
2000 Announcer Dave Niehaus
18%
No matching quizzes found
Score Distribution
Percent of People with Each Score
Percentile by Number Answered
Your Score History
You have not taken this quiz